conhecimentos sobre os pandas - Statistics

Estatísticas Gerais
  • Esse quiz foi jogado 3 vezes
  • A pontuação média é 2 de 6
Estatísticas das Respostas
pergunta resposta % Correto
Em que pais os pandas vivem? China
100%
Qual comida que os pandas mais se alimentam? Bambu
67%
Quantas horas por dia os pandas dormem? Dez
67%
Quantos anos tem o unico panda marrom em 2026? Dezessete
0%
Como é o nome do unico panda marrom que existe? Qizai
0%
Qual cidade da china o panda marrom vive? Xi'an
0%
Nenhum quiz correspondente encontrado
Distribuição das Pontuações
Porcentagem de Pessoas com Cada Pontuação
Percentil de Números Respondidos
Sua Pontuação Histórica
Você não jogou esse quiz